Hypothetical reasoning /
Guardado en:
| Autor Principal: | |
|---|---|
| Formato: | Libro |
| Idioma: | English |
| Publicado: |
Amsterdam :
North-Holland,
1964.
|
| Series: | Studies in logic and the foundations of mathematics
|
| Materias: | |
| Etiquetas: |
Agregar Etiqueta
Sin Etiquetas, Sea el primero en etiquetar este registro!
|
| LEADER | 00633nam a22001935a 4500 | ||
|---|---|---|---|
| 001 | MAT.inmabb005375 | ||
| 008 | 840525s1964####ne#######b####001#0#eng## | ||
| 005 | 20151123142746.0 | ||
| 245 | 1 | 0 | |a Hypothetical reasoning / |c Nicholas Rescher. |
| 260 | |a Amsterdam : |b North-Holland, |c 1964. | ||
| 300 | |a 95 p. ; |c 23 cm. | ||
| 440 | 0 | |a Studies in logic and the foundations of mathematics | |
| 504 | |a Incluye referencias bibliográficas (p. [87]-90) e índices. | ||
| 100 | 1 | |a Rescher, Nicholas. | |
| 650 | 0 | |a Hypothesis. | |
| 084 | |a 03B60 |2 msc2000 | ||
| 010 | |a 66039126 | ||
| 040 | |a DLC/ICU |c ICU |d DLC | ||
| 859 | |h 03 |i R431h |p A-2315 |b BIB. MATEMATICA | ||
